[Event "Manchester GM 2016.03"]
[Site "Manchester USA"]
[Date "2016.03.04"]
[Round "4"]
[White "Perelshteyn, Eugene"]
[Black "Preotu, Razvan"]
[Result "1-0"]
[WhiteElo "2524"]
[BlackElo "2468"]
[WhiteFideId "-1"]
[WhiteFideId "-1"]
[PlyCount "105"]
[GameId "2130307647500698"]
[EventDate "2016.03.02"]
[EventType "tourn"]
[EventRounds "10"]
[EventCountry "USA"]
[EventCategory "10"]
[SourceTitle "Mega2016 Update 23"]
[Source "Chessbase"]
[SourceDate "2016.03.11"]
[SourceVersion "1"]
[SourceVersionDate "2016.03.11"]
[SourceQuality "1"]

1. e4 c5 2. Nf3 d6 3. d4 cxd4 4. Qxd4 Nc6 5. Bb5 Bd7 6. Qd3 Nf6 7. c4 g6 8. O-O Bg7 9. Nc3 O-O 10. h3 a6 11. Bxc6 Bxc6 12. Nd4 Rc8 13. Be3 Nd7 14. Rac1 e6 15. Rfd1 Qe7 16. Qd2 Nc5 17. b4 Bxd4 18. Qxd4 Na4 19. Nxa4 Bxa4 20. Qxd6 Rfe8 21. Qxe7 Rxe7 22. Rd6 e5 23. Bg5 Rd7 24. Rxd7 Bxd7 25. Bf6 Be6 26. c5 Bxa2 27. Rd1 Be6 28. Bxe5 f5 29. Rd6 Re8 30. exf5 Bxf5 31. f4 Kf7 32. g4 Be4 33. Kf2 Re6 34. Rd8 Re8 35. Rd2 Bc6 36. Kg3 g5 37. h4 gxf4+ 38. Kxf4 Rf8 39. g5 Kg6+ 40. Bf6 Re8 41. h5+ Kxh5 42. Rh2+ Kg6 43. Rh6+ Kf7 44. Rxh7+ Ke6 45. Rc7 Bd5 46. Rh7 Bc6 47. Rh6 Kd5 48. g6 Kc4 49. g7 Bd5 50. Rh8 Bg8 51. Be7 Kb5 52. Bf8 Bb3 53. Rh6 1-0

[Event "Manchester GM 2016.03"]
[Site "Manchester USA"]
[Date "2016.03.05"]
[Round "6"]
[White "Shmeliov, Denis"]
[Black "Preotu, Razvan"]
[Result "1/2-1/2"]
[WhiteElo "2412"]
[BlackElo "2468"]
[WhiteFideId "-1"]
[WhiteFideId "-1"]
[PlyCount "93"]
[GameId "2130307647500701"]
[EventDate "2016.03.02"]
[EventType "tourn"]
[EventRounds "10"]
[EventCountry "USA"]
[EventCategory "10"]
[SourceTitle "Mega2016 Update 23"]
[Source "Chessbase"]
[SourceDate "2016.03.11"]
[SourceVersion "1"]
[SourceVersionDate "2016.03.11"]
[SourceQuality "1"]

1. d4 Nf6 2. c4 g6 3. Nc3 Bg7 4. e4 d6 5. Nf3 O-O 6. Be2 e5 7. O-O Nc6 8. d5 Ne7 9. Ne1 Nd7 10. Be3 f5 11. f3 f4 12. Bf2 g5 13. Nd3 Nf6 14. Rc1 Ng6 15. c5 Rf7 16. Kh1 Bf8 17. a4 h5 18. cxd6 cxd6 19. Nb5 g4 20. Nxa7 Bd7 21. Nb5 g3 22. Bg1 gxh2 23. Bf2 h4 24. Nc7 Nh5 25. Ne6 Bxe6 26. dxe6 Rg7 27. Qb3 Kh8 28. e7 Qxe7 29. Kxh2 Ng3 30. Rc2 h3 31. gxh3 Nh4 32. Ne1 Rh7 33. Rg1 Nhf5 34. Bf1 Nxf1+ 35. Rxf1 Ng3 36. Bxg3 Qd7 37. h4 fxg3+ 38. Kxg3 Bh6 39. Kf2 Qh3 40. Ke2 Qxh4 41. Qe6 Rg7 42. Rf2 Qf4 43. Kd1 Kh7 44. b3 d5 45. Qf5+ Qxf5 46. exf5 Rf8 47. Rc5 1/2-1/2

[Event "Manchester GM 2016.03"]
[Site "Manchester USA"]
[Date "2016.03.06"]
[Round "8"]
[White "Preotu, Razvan"]
[Black "Sriram, Jha"]
[Result "0-1"]
[WhiteElo "2468"]
[BlackElo "2430"]
[WhiteFideId "-1"]
[WhiteFideId "-1"]
[PlyCount "86"]
[GameId "2130307647500703"]
[EventDate "2016.03.02"]
[EventType "tourn"]
[EventRounds "10"]
[EventCountry "USA"]
[EventCategory "10"]
[SourceTitle "Mega2016 Update 23"]
[Source "Chessbase"]
[SourceDate "2016.03.11"]
[SourceVersion "1"]
[SourceVersionDate "2016.03.11"]
[SourceQuality "1"]

1. e4 e5 2. Nf3 Nc6 3. Bb5 a6 4. Ba4 Nf6 5. O-O Be7 6. Re1 b5 7. Bb3 d6 8. c3 Na5 9. Bc2 c5 10. d4 Qc7 11. d5 O-O 12. b3 Bd7 13. Nbd2 c4 14. Ba3 Rfe8 15. Rc1 cxb3 16. Bxb3 Qb6 17. c4 b4 18. c5 dxc5 19. Nxe5 bxa3 20. Ndc4 Nxc4 21. Nxc4 Qb8 22. e5 Ng4 23. Re4 Nh6 24. Qf3 Bf5 25. Ree1 Qb4 26. e6 fxe6 27. Ne5 Bg5 28. Rc3 Bd2 29. Rc4 Qb7 30. Rd1 Bb4 31. Rf4 Kh8 32. g4 g5 33. gxf5 gxf4 34. f6 Rg8+ 35. Kh1 c4 36. Bxc4 Qc7 37. Nc6 Raf8 38. dxe6 Rxf6 39. Rd7 Rfg6 40. h4 Rg1+ 41. Kh2 Ng4+ 42. Kxg1 Ne5+ 43. Kf1 Rg1+ 0-1

[Event "Manchester GM 2016.03"]
[Site "Manchester USA"]
[Date "2016.03.07"]
[Round "10"]
[White "Preotu, Razvan"]
[Black "Perelshteyn, Eugene"]
[Result "1-0"]
[WhiteElo "2468"]
[BlackElo "2524"]
[WhiteFideId "-1"]
[WhiteFideId "-1"]
[PlyCount "179"]
[GameId "2130307647500705"]
[EventDate "2016.03.02"]
[EventType "tourn"]
[EventRounds "10"]
[EventCountry "USA"]
[EventCategory "10"]
[SourceTitle "Mega2016 Update 23"]
[Source "Chessbase"]
[SourceDate "2016.03.11"]
[SourceVersion "1"]
[SourceVersionDate "2016.03.11"]
[SourceQuality "1"]

1. e4 c5 2. Nf3 Nc6 3. Bb5 g6 4. Bxc6 dxc6 5. d3 Bg7 6. h3 Nh6 7. Nc3 f6 8. Be3 b6 9. Qd2 Nf7 10. O-O-O e5 11. g4 Be6 12. Ng1 Qd7 13. Nge2 O-O-O 14. f4 exf4 15. Nxf4 Ne5 16. Qg2 Bf7 17. Kb1 Rhe8 18. Rhf1 Kb7 19. Bc1 Rh8 20. Nfe2 Rdf8 21. Bf4 Be6 22. d4 cxd4 23. Nxd4 Qe7 24. Nxe6 Qxe6 25. Rd2 Rd8 26. Rfd1 Nf7 27. a4 Rxd2 28. Qxd2 Rd8 29. Qe2 Rxd1+ 30. Qxd1 Bf8 31. Qd3 Bb4 32. Ne2 Bc5 33. a5 bxa5 34. Nd4 Qe7 35. Qb3+ Bb6 36. Nxc6 Qxe4 37. Nxa5+ Ka6 38. Nc4 Qe1+ 39. Bc1 Qe8 40. Nxb6 axb6 41. Be3 b5 42. Qa2+ Kb7 43. Qd5+ Kc8 44. Qc5+ Kb7 45. Qb6+ Kc8 46. Qa6+ Kd8 47. Bb6+ Ke7 48. Bc5+ Kd8 49. Qxf6+ Kd7 50. Qd4+ Kc6 51. Bb4 Qd7 52. Qc5+ Kb7 53. b3 Nd8 54. Bc3 Ne6 55. Qe5 Kc6 56. Kb2 Qd5 57. Qh8 Qd7 58. Qa8+ Kd6 59. Qe4 Kc5 60. b4+ Kb6 61. Bd2 Qc6 62. Be3+ Kb7 63. Qe5 Qd7 64. Qh8 Qe7 65. Bd2 Qd7 66. Be3 Qe7 67. Kb3 Qf7 68. Qe5 Nc7+ 69. Kb2 Nd5 70. Bc5 Qd7 71. Qe4 Qc6 72. Kb3 Nc7 73. Qxc6+ Kxc6 74. c4 h5 75. g5 Ne6 76. Be3 Ng7 77. Kc3 Nf5 78. Bf2 Nd6 79. cxb5+ Nxb5+ 80. Kc4 Na3+ 81. Kd4 Nc2+ 82. Ke5 Nxb4 83. Kf6 Nd3 84. Be3 Kd5 85. Kxg6 Ke4 86. Bd2 h4 87. Kf6 Ne5 88. Bc3 Nd7+ 89. Kf7 Kf5 90. g6 1-0

[Event "Hart House Holidays op"]
[Site "Toronto CAN"]
[Date "2015.12.19"]
[Round "2"]
[White "Song, Michael"]
[Black "Preotu, Razvan"]
[Result "1-0"]
[WhiteElo "2421"]
[BlackElo "2607"]
[WhiteFideId "-1"]
[WhiteFideId "-1"]
[PlyCount "65"]
[GameId "2160767908790600"]
[EventDate "2015.12.18"]
[EventType "swiss"]
[EventRounds "5"]
[EventCountry "CAN"]
[SourceTitle "EXT 2019"]
[Source "ChessBase"]
[SourceDate "2018.10.10"]
[SourceVersion "1"]
[SourceVersionDate "2018.10.10"]
[SourceQuality "1"]

1. d4 Nf6 2. c4 e6 3. Nc3 Bb4 4. e3 O-O 5. Bd3 d5 6. a3 dxc4 7. Bxc4 Bd6 8. Nf3 Nc6 9. h3 e5 10. d5 Ne7 11. e4 Ng6 12. g3 a6 13. Bg5 h6 14. Be3 b5 15. Ba2 a5 16. Nxb5 Rb8 17. Na7 Rxb2 18. Nxc8 Qxc8 19. Qd3 Nxe4 20. Qxe4 f5 21. Qd3 f4 22. gxf4 Nxf4 23. Qe4 Bxa3 24. Nxe5 Re2+ 25. Kf1 Bd6 26. Bc4 Rxe3 27. Qxe3 Qf5 28. Nd3 Nxd3 29. Bxd3 Qxd5 30. Qe4 Qc5 31. Qc4+ Kh8 32. Qxc5 Bxc5 33. Rxa5 1-0

[Event "Hart House Holidays op"]
[Site "Toronto CAN"]
[Date "2015.12.19"]
[Round "3"]
[White "Preotu, Razvan"]
[Black "Bellissimo, Joseph"]
[Result "1-0"]
[WhiteElo "2607"]
[BlackElo "2238"]
[WhiteFideId "-1"]
[WhiteFideId "-1"]
[PlyCount "93"]
[GameId "2160767908790608"]
[EventDate "2015.12.18"]
[EventType "swiss"]
[EventRounds "5"]
[EventCountry "CAN"]
[SourceTitle "EXT 2019"]
[Source "ChessBase"]
[SourceDate "2018.10.10"]
[SourceVersion "1"]
[SourceVersionDate "2018.10.10"]
[SourceQuality "1"]

1. e4 e6 2. d4 d5 3. Nd2 Nf6 4. e5 Nfd7 5. Bd3 c5 6. c3 Nc6 7. Ngf3 Be7 8. O-O g5 9. dxc5 g4 10. Nd4 Ndxe5 11. Bb5 Bd7 12. b4 h5 13. Qe2 Ng6 14. f4 Nxd4 15. cxd4 Bxb5 16. Qxb5+ Qd7 17. Qd3 Nh4 18. a4 Nf5 19. Nb3 O-O 20. Bd2 Rfc8 21. Bc3 Bf8 22. b5 b6 23. c6 Qc7 24. Nc1 a5 25. Ne2 Bd6 26. Bb2 Qd8 27. Rae1 h4 28. Nc1 Qf6 29. Qd1 Qg6 30. Nd3 g3 31. h3 Bc7 32. Ne5 Qg7 33. Qh5 Re8 34. Nd7 f6 35. Rxe6 Rxe6 36. Qxf5 Rae8 37. Qxd5 Qf7 38. Qf5 Bd8 39. d5 Rd6 40. Ne5 Qg7 41. Nc4 Be7 42. Nxd6 Bxd6 43. Bxf6 Bc5+ 44. Kh1 Qf7 45. Qg5+ Kh7 46. Qxh4+ Kg6 47. f5# 1-0

[Event "Hart House Holidays op"]
[Site "Toronto CAN"]
[Date "2015.12.20"]
[Round "4"]
[White "Noritsyn, Nikolay"]
[Black "Preotu, Razvan"]
[Result "0-1"]
[WhiteElo "2578"]
[BlackElo "2607"]
[WhiteFideId "-1"]
[WhiteFideId "-1"]
[PlyCount "68"]
[GameId "2160767908790614"]
[EventDate "2015.12.18"]
[EventType "swiss"]
[EventRounds "5"]
[EventCountry "CAN"]
[SourceTitle "EXT 2019"]
[Source "ChessBase"]
[SourceDate "2018.10.10"]
[SourceVersion "1"]
[SourceVersionDate "2018.10.10"]
[SourceQuality "1"]

1. d4 Nf6 2. Nf3 e6 3. c4 b6 4. a3 Ba6 5. Qb3 d5 6. cxd5 exd5 7. Bg5 c6 8. Bxf6 Qxf6 9. Nc3 Be7 10. g3 O-O 11. Bg2 Qd6 12. O-O Nd7 13. Qa4 Bb7 14. e4 dxe4 15. Nxe4 Qh6 16. Rac1 Rfd8 17. h4 c5 18. Nfg5 Qg6 19. Rfe1 Nf8 20. dxc5 bxc5 21. Nf6+ Bxf6 22. Bxb7 Bxg5 23. hxg5 Rab8 24. Qxa7 Qxg5 25. Rxc5 Rxb7 26. Qa5 Qf6 27. b4 g6 28. b5 Rbd7 29. Rc6 Ne6 30. b6 Rd2 31. Rf1 Rb2 32. a4 Rd1 33. Qc5 Rxf1+ 34. Kxf1 Nxc5 0-1

[Event "Wch-U16"]
[Site "Porto Carras GRE"]
[Date "2015.10.25"]
[Round "1"]
[White "Winiarski, Mikolaj"]
[Black "Preotu, Razvan"]
[Result "0-1"]
[WhiteElo "2113"]
[BlackElo "2463"]
[WhiteFideId "-1"]
[WhiteFideId "-1"]
[PlyCount "50"]
[GameId "2130307651472738"]
[EventDate "2015.10.25"]
[EventType "swiss"]
[EventRounds "11"]
[EventCountry "GRE"]
[SourceTitle "Mega2015 Update 51"]
[Source "Chessbase"]
[SourceDate "2015.11.12"]
[SourceVersion "1"]
[SourceVersionDate "2015.11.12"]
[SourceQuality "1"]

1. d4 Nf6 2. c4 e6 3. g3 c5 4. d5 exd5 5. cxd5 d6 6. Nc3 g6 7. Bg2 Bg7 8. Nf3 O-O 9. O-O Re8 10. Nd2 a6 11. a4 Nbd7 12. Nc4 Ne5 13. Na3 Nh5 14. h3 f5 15. f4 Nf7 16. Qd3 b5 17. axb5 axb5 18. Ncxb5 Ba6 19. g4 Bxb5 20. Qxb5 fxg4 21. hxg4 Bd4+ 22. e3 Rxe3 23. Bxe3 Bxe3+ 24. Rf2 Bxf2+ 25. Kxf2 Qh4+ 0-1

[Event "Wch-U16"]
[Site "Porto Carras GRE"]
[Date "2015.10.26"]
[Round "2"]
[White "Preotu, Razvan"]
[Black "Thybo, Jesper Sondergaard"]
[Result "1/2-1/2"]
[WhiteElo "2463"]
[BlackElo "2278"]
[WhiteFideId "-1"]
[WhiteFideId "-1"]
[PlyCount "95"]
[GameId "2130307651472751"]
[EventDate "2015.10.25"]
[EventType "swiss"]
[EventRounds "11"]
[EventCountry "GRE"]
[SourceTitle "Mega2015 Update 51"]
[Source "Chessbase"]
[SourceDate "2015.11.12"]
[SourceVersion "1"]
[SourceVersionDate "2015.11.12"]
[SourceQuality "1"]

1. e4 c5 2. Nf3 d6 3. d4 cxd4 4. Nxd4 Nf6 5. Nc3 g6 6. Be3 Bg7 7. f3 Nc6 8. Qd2 O-O 9. g4 Be6 10. Nxe6 fxe6 11. O-O-O Ne5 12. Be2 Qc8 13. h4 Nfd7 14. h5 Nc4 15. Bxc4 Qxc4 16. hxg6 hxg6 17. f4 b5 18. Qd3 Nb6 19. Kb1 Rab8 20. Ne2 Na4 21. Bd4 Qxd3 22. Rxd3 Nc5 23. Rdh3 e5 24. Bxc5 dxc5 25. f5 Rbd8 26. Nc3 a6 27. Nd5 Rxd5 28. exd5 gxf5 29. gxf5 Rxf5 30. Rg1 Kf8 31. Rhg3 Bf6 32. Ra3 e4 33. Rxa6 e3 34. Re6 Be5 35. a4 e2 36. Ka2 Rf1 37. Rxe5 Rxg1 38. Rxe2 bxa4 39. Re6 Rd1 40. Rc6 Rxd5 41. c4 Rf5 42. Ka3 Ke8 43. Kxa4 Kd7 44. Kb5 Rf2 45. Ra6 Rxb2+ 46. Kxc5 Re2 47. Ra7+ Kc8 48. Kd5 1/2-1/2

[Event "Wch-U16"]
[Site "Porto Carras GRE"]
[Date "2015.10.27"]
[Round "3"]
[White "Thorgeirsson, Jon Kristinn"]
[Black "Preotu, Razvan"]
[Result "1-0"]
[WhiteElo "2282"]
[BlackElo "2463"]
[WhiteFideId "-1"]
[WhiteFideId "-1"]
[PlyCount "57"]
[GameId "2130307651472769"]
[EventDate "2015.10.25"]
[EventType "swiss"]
[EventRounds "11"]
[EventCountry "GRE"]
[SourceTitle "Mega2015 Update 51"]
[Source "Chessbase"]
[SourceDate "2015.11.12"]
[SourceVersion "1"]
[SourceVersionDate "2015.11.12"]
[SourceQuality "1"]

1. d4 Nf6 2. c4 e6 3. Nf3 b6 4. g3 Ba6 5. Qc2 c5 6. dxc5 Bxc5 7. Bg2 Nc6 8. a3 Bb7 9. O-O O-O 10. Bg5 Be7 11. e4 Nxe4 12. Bxe7 Nxe7 13. Ng5 Nxg5 14. Bxb7 Rb8 15. Bg2 h6 16. Rd1 Qc7 17. Nc3 Qxc4 18. Rxd7 Nc8 19. Rad1 Nh7 20. R1d4 Qc5 21. b4 Qe5 22. Ne4 g5 23. Qc3 b5 24. Rxf7 Nb6 25. Rxa7 Rbc8 26. Qd3 Rc1+ 27. Bf1 Qf5 28. g4 Qg6 29. Nf6+ 1-0

[Event "Wch-U16"]
[Site "Porto Carras GRE"]
[Date "2015.10.29"]
[Round "5"]
[White "Zapata Charles, Santiago"]
[Black "Preotu, Razvan"]
[Result "0-1"]
[WhiteElo "2246"]
[BlackElo "2463"]
[WhiteFideId "-1"]
[WhiteFideId "-1"]
[PlyCount "98"]
[GameId "2130307651476901"]
[EventDate "2015.10.25"]
[EventType "swiss"]
[EventRounds "11"]
[EventCountry "GRE"]
[SourceTitle "Mega2015 Update 51"]
[Source "Chessbase"]
[SourceDate "2015.11.12"]
[SourceVersion "1"]
[SourceVersionDate "2015.11.12"]
[SourceQuality "1"]

1. e4 c5 2. c3 d5 3. exd5 Qxd5 4. d4 Nc6 5. Nf3 Bf5 6. Be2 cxd4 7. cxd4 Bxb1 8. Rxb1 e6 9. a3 Nf6 10. O-O Bd6 11. Be3 O-O 12. Qd3 Rad8 13. Nd2 Bb8 14. Nb3 b6 15. Rfd1 Ne5 16. Qb5 Neg4 17. g3 Nxe3 18. fxe3 Qe4 19. Qd3 Qd5 20. Nd2 Qg5 21. Ne4 Nxe4 22. Qxe4 f5 23. Qxe6+ Kh8 24. Kf2 Rde8 25. Qb3 f4 26. exf4 Bxf4 27. Bf3 Be3+ 28. Kg2 Rxf3 29. Kxf3 Qf5+ 30. Kg2 Qe4+ 31. Kh3 Re6 32. Qxe6 Qxe6+ 33. Kg2 Qe4+ 34. Kh3 Bxd4 35. Rf1 h5 36. Rbe1 Qg4+ 37. Kg2 Bxb2 38. Rf4 Qg6 39. a4 Qc6+ 40. Rfe4 Bf6 41. h4 b5 42. axb5 Qxb5 43. Kh3 a5 44. g4 hxg4+ 45. Kxg4 a4 46. R1e3 a3 47. Re8+ Kh7 48. Ra8 a2 49. Rxa2 Qc4+ 0-1

[Event "Wch-U16"]
[Site "Porto Carras GRE"]
[Date "2015.10.31"]
[Round "6"]
[White "Preotu, Razvan"]
[Black "Arcuti, Davide"]
[Result "0-1"]
[WhiteElo "2463"]
[BlackElo "2280"]
[WhiteFideId "-1"]
[WhiteFideId "-1"]
[PlyCount "140"]
[GameId "2130307651476913"]
[EventDate "2015.10.25"]
[EventType "swiss"]
[EventRounds "11"]
[EventCountry "GRE"]
[SourceTitle "Mega2015 Update 51"]
[Source "Chessbase"]
[SourceDate "2015.11.12"]
[SourceVersion "1"]
[SourceVersionDate "2015.11.12"]
[SourceQuality "1"]

1. e4 e5 2. Nf3 Nc6 3. Bc4 Bc5 4. O-O Nf6 5. d3 a6 6. c3 Ba7 7. Nbd2 O-O 8. h3 h6 9. Re1 Re8 10. Bb3 d6 11. Nf1 Be6 12. Bc2 d5 13. Qe2 Qd7 14. Ng3 Rad8 15. Nh2 dxe4 16. dxe4 Ne7 17. Nh5 Nxh5 18. Qxh5 Ng6 19. a4 Qe7 20. Qf3 Rd6 21. Be3 Bxe3 22. Qxe3 Nf4 23. Nf1 Bc8 24. Ng3 Rg6 25. Bd3 h5 26. Bf1 h4 27. Nf5 Qg5 28. Kh1 Bxf5 29. exf5 Qxf5 30. a5 Qc2 31. Rad1 Rd6 32. Rd4 Ree6 33. Rxd6 cxd6 34. b4 d5 35. g3 hxg3 36. fxg3 Ng6 37. Bg2 e4 38. Qd4 Ne7 39. g4 Qb3 40. Re3 Qb1+ 41. Kh2 Qc1 42. Re2 Qf4+ 43. Kg1 Qd6 44. Rd2 Qc7 45. Re2 Ng6 46. Re3 Nf4 47. Bf1 Qd6 48. Qa7 Re7 49. Qd4 Ne6 50. Qd2 Qe5 51. Bg2 Rc7 52. Qe1 Nf4 53. Bf1 Re7 54. Qf2 g6 55. Qh4 f6 56. Qg3 g5 57. h4 Ng6 58. Qxe5 Nxe5 59. hxg5 fxg5 60. Be2 Ng6 61. Kf2 Kg7 62. Rg3 Rc7 63. Ke1 Nf4 64. Kd2 Kf6 65. Bf1 Ke5 66. Rg1 d4 67. cxd4+ Kxd4 68. Rg3 Rh7 69. b5 Rh2+ 70. Ke1 e3 0-1

[Event "Wch-U16"]
[Site "Porto Carras GRE"]
[Date "2015.11.02"]
[Round "8"]
[White "Preotu, Razvan"]
[Black "Lopez Mulet, Inigo"]
[Result "1-0"]
[WhiteElo "2463"]
[BlackElo "2333"]
[WhiteFideId "-1"]
[WhiteFideId "-1"]
[PlyCount "83"]
[GameId "2130307651476946"]
[EventDate "2015.10.25"]
[EventType "swiss"]
[EventRounds "11"]
[EventCountry "GRE"]
[SourceTitle "Mega2015 Update 51"]
[Source "Chessbase"]
[SourceDate "2015.11.12"]
[SourceVersion "1"]
[SourceVersionDate "2015.11.12"]
[SourceQuality "1"]

1. e4 e6 2. d4 d5 3. Nd2 Be7 4. Ngf3 Nf6 5. e5 Nfd7 6. Bd3 c5 7. c3 b6 8. Qe2 Nc6 9. a3 a5 10. Nf1 Bb7 11. Ng3 Qc8 12. Bf4 Ba6 13. O-O Bxd3 14. Qxd3 Qa6 15. Qe3 h6 16. h4 a4 17. h5 Na5 18. Nd2 cxd4 19. cxd4 b5 20. Qf3 Nb6 21. Qg4 Kd7 22. Rad1 Nbc4 23. Nxc4 bxc4 24. Bd2 Nc6 25. Qxg7 f5 26. exf6 Rag8 27. Qf7 Rf8 28. Qg6 Rfg8 29. Qb1 Bxf6 30. Bc3 Rg4 31. Rfe1 Rhg8 32. Qh7+ Ne7 33. Qxh6 Bh4 34. Bb4 Bxg3 35. fxg3 Nf5 36. Qf6 Rxg3 37. Qf7+ Kd8 38. Rxe6 Rxg2+ 39. Kh1 Qb5 40. Qxf5 R2g4 41. Rg6 Rh4+ 42. Kg2 1-0

[Event "Wch-U16"]
[Site "Porto Carras GRE"]
[Date "2015.11.03"]
[Round "9"]
[White "Wheeler, Cameron"]
[Black "Preotu, Razvan"]
[Result "1/2-1/2"]
[WhiteElo "2356"]
[BlackElo "2463"]
[WhiteFideId "-1"]
[WhiteFideId "-1"]
[PlyCount "45"]
[GameId "2130307651481060"]
[EventDate "2015.10.25"]
[EventType "swiss"]
[EventRounds "11"]
[EventCountry "GRE"]
[SourceTitle "Mega2015 Update 51"]
[Source "Chessbase"]
[SourceDate "2015.11.12"]
[SourceVersion "1"]
[SourceVersionDate "2015.11.12"]
[SourceQuality "1"]

1. c4 Nf6 2. g3 e6 3. Bg2 d5 4. Nf3 dxc4 5. Qa4+ Bd7 6. Qxc4 c5 7. Ne5 Qc8 8. Nc3 Nc6 9. Nxd7 Qxd7 10. O-O Be7 11. d3 Rc8 12. Bg5 b6 13. a4 O-O 14. Qb5 Rfd8 15. Bxc6 Qxc6 16. a5 h6 17. Bxf6 Bxf6 18. Qa6 bxa5 19. Rxa5 c4 20. dxc4 Qxa6 21. Rxa6 Rxc4 22. Rxa7 Rd2 23. Rb7 1/2-1/2

[Event "Wch-U16"]
[Site "Porto Carras GRE"]
[Date "2015.11.04"]
[Round "10"]
[White "Preotu, Razvan"]
[Black "Mihajlov, Sebastian"]
[Result "1-0"]
[WhiteElo "2463"]
[BlackElo "2336"]
[WhiteFideId "-1"]
[WhiteFideId "-1"]
[PlyCount "82"]
[GameId "2130307651481071"]
[EventDate "2015.10.25"]
[EventType "swiss"]
[EventRounds "11"]
[EventCountry "GRE"]
[SourceTitle "Mega2015 Update 51"]
[Source "Chessbase"]
[SourceDate "2015.11.12"]
[SourceVersion "1"]
[SourceVersionDate "2015.11.12"]
[SourceQuality "1"]

1. e4 e6 2. d4 d5 3. Nd2 c5 4. Ngf3 cxd4 5. exd5 Qxd5 6. Bc4 Qd6 7. O-O Nf6 8. Nb3 Nc6 9. Nbxd4 Nxd4 10. Nxd4 Be7 11. c3 O-O 12. Qf3 Qc7 13. Bb3 Bd7 14. Bg5 a5 15. a4 Bc6 16. Nxc6 bxc6 17. Bc2 Rab8 18. Rab1 Nd5 19. Bd2 Rfd8 20. Rfd1 Bf6 21. Be1 Be5 22. g3 g6 23. b4 c5 24. bxa5 Qxa5 25. Rxb8 Bxb8 26. Bb3 Be5 27. Kg2 Kg7 28. Rd3 Bf6 29. Bd2 Qa8 30. Bxd5 Rxd5 31. c4 Rd8 32. Qxa8 Rxa8 33. a5 Bd8 34. a6 Bb6 35. Rd6 Rxa6 36. g4 Kf6 37. Be3 Ke5 38. Bxc5 Bxc5 39. Rxa6 Kd4 40. Rc6 Kxc4 41. g5 Kd5 1-0

[Event "Wch-U16"]
[Site "Porto Carras GRE"]
[Date "2015.11.05"]
[Round "11"]
[White "Muthaiah, Al"]
[Black "Preotu, Razvan"]
[Result "0-1"]
[WhiteElo "2316"]
[BlackElo "2463"]
[WhiteFideId "-1"]
[WhiteFideId "-1"]
[PlyCount "60"]
[GameId "2130307651481084"]
[EventDate "2015.10.25"]
[EventType "swiss"]
[EventRounds "11"]
[EventCountry "GRE"]
[SourceTitle "Mega2015 Update 51"]
[Source "Chessbase"]
[SourceDate "2015.11.12"]
[SourceVersion "1"]
[SourceVersionDate "2015.11.12"]
[SourceQuality "1"]

1. c4 e5 2. Nc3 Nf6 3. Nf3 Nc6 4. a3 d5 5. cxd5 Nxd5 6. Qc2 Nxc3 7. dxc3 Bd6 8. e4 O-O 9. Bc4 a5 10. a4 Bg4 11. h3 Bxf3 12. gxf3 Qf6 13. Rg1 h6 14. Be3 Rfd8 15. O-O-O Bf8 16. Rde1 Rd6 17. Rg3 Nd8 18. Qb3 b6 19. Bd5 c6 20. Bc4 b5 21. axb5 a4 22. Qa2 cxb5 23. Bd5 Rc8 24. Kb1 Ne6 25. c4 bxc4 26. Qxa4 c3 27. Rc1 Nd4 28. Rxc3 Rxc3 29. bxc3 Ra6 30. Bxf7+ Qxf7 0-1

[Event "USA Chess Masters"]
[Site "Greensboro USA"]
[Date "2015.08.31"]
[Round "8"]
[White "Gurevich, Daniel"]
[Black "Preotu, Razvan"]
[Result "1/2-1/2"]
[WhiteElo "2392"]
[BlackElo "2458"]
[WhiteFideId "-1"]
[WhiteFideId "-1"]
[PlyCount "134"]
[GameId "2130307654982940"]
[EventDate "2015.08.27"]
[EventType "swiss"]
[EventRounds "9"]
[EventCountry "USA"]
[SourceTitle "Mega2015 Update 42"]
[Source "Chessbase"]
[SourceDate "2015.09.11"]
[SourceVersion "1"]
[SourceVersionDate "2015.09.11"]
[SourceQuality "1"]

1. d4 Nf6 2. Nf3 g6 3. c4 Bg7 4. Nc3 O-O 5. e4 d6 6. Be2 e5 7. O-O Nc6 8. d5 Ne7 9. b4 Nh5 10. Re1 f5 11. Ng5 Nf6 12. Bf3 c6 13. Ba3 h6 14. Ne6 Bxe6 15. dxe6 fxe4 16. Nxe4 d5 17. b5 dxe4 18. Qxd8 Rfxd8 19. Bxe7 exf3 20. Bxd8 Rxd8 21. Rad1 Re8 22. bxc6 bxc6 23. Rd6 fxg2 24. Rxe5 Nd5 25. Re4 Ne7 26. Rd7 a5 27. Kxg2 Bf6 28. Ra7 Bc3 29. Rc7 Kg7 30. Rf4 Bf6 31. Ra7 g5 32. Rf3 Kg6 33. Rxa5 Rd8 34. a4 Rd2 35. Ra8 g4 36. Rf4 Kg5 37. Re4 Kf5 38. Re3 Rc2 39. a5 Rxc4 40. a6 Nd5 41. Re1 Ra4 42. Rf8 Ne7 43. Ra8 h5 44. a7 h4 45. h3 gxh3+ 46. Kxh3 Nd5 47. Rc8 Rxa7 48. Rxc6 Nf4+ 49. Kh2 Be5 50. e7 Rxe7 51. Kh1 Nd3 52. Re3 Nxf2+ 53. Kg1 Ng4 54. Rf3+ Ke4 55. Kg2 Rg7 56. Rf8 Kd5 57. Ra6 Ne3+ 58. Kh3 Ng2 59. Ra3 Bd6 60. Rd3+ Ke6 61. Re8+ Be7 62. Rf3 Kd7 63. Ra8 Rg5 64. Ra7+ Kd6 65. Ra4 Rg8 66. Rg4 Ne1 67. Re3 Rxg4 1/2-1/2

[Event "Kitchener Masters"]
[Site "Kitchener CAN"]
[Date "2015.07.31"]
[Round "1"]
[White "Bareev, Evgeny"]
[Black "Preotu, Razvan"]
[Result "1-0"]
[WhiteElo "2663"]
[BlackElo "2452"]
[WhiteFideId "-1"]
[WhiteFideId "-1"]
[PlyCount "69"]
[GameId "2160767908837111"]
[EventDate "2015.07.31"]
[EventType "schev"]
[EventRounds "10"]
[EventCountry "CAN"]
[SourceTitle "Mega2015 Update 40"]
[Source "Chessbase"]
[SourceDate "2015.08.28"]
[SourceVersion "1"]
[SourceVersionDate "2015.08.28"]
[SourceQuality "1"]
[WhiteTeam "Team 1"]
[BlackTeam "Team 2"]

1. g3 e5 2. c4 Nf6 3. Bg2 d5 4. cxd5 Nxd5 5. Nc3 Nb6 6. b3 Be7 7. Bb2 O-O 8. Rc1 Re8 9. d3 Bf8 10. Nf3 Nc6 11. O-O Nd4 12. Nd2 c6 13. e3 Ne6 14. Nc4 f6 15. Rc2 Nd5 16. a3 b6 17. b4 Bb7 18. Ne2 c5 19. bxc5 bxc5 20. f4 exf4 21. gxf4 Rb8 22. Ng3 Ba6 23. Rd2 Nec7 24. e4 Bxc4 25. dxc4 Ne3 26. Rxd8 Nxd1 27. Rxe8 Nxe8 28. Rxd1 Rxb2 29. e5 fxe5 30. fxe5 Be7 31. Bd5+ Kh8 32. Rf1 Nf6 33. exf6 Bxf6 34. Nh5 Bd4+ 35. Kh1 1-0